00341pab a2200133 454500008004000000100001700040245004700057260000900104300001300113362001200126650003000138650002200168773001700190180718b1997 xxu||||| |||| 00| 0 eng d aNair, K.R.G. aRegional development and planning in India c1997 ap.240-45 aJul-Sep aRegional planning - India aRegional planning aProductivity